00277nam a22001097a 4500020001800000082001600018100002100034245003900055260003900094300000800133650002600141 a81-7120-268-3 a294.543 RAM aRamanujachari, C aThe Spritual Heritage of Tyagaraja aMadrasbSri Ramakrishna Mathc2014 a623 aSpirituality-hinduism